Statistics for Country Superlatives by Letter - A

Click here to take the quiz!

General Stats

  • This quiz has been taken 63 times
  • The average score is 7 of 10

Answer Stats

Category Country % Correct
Greatest Land AreaAustralia
91%
Most PopulousArgentina
85%
Smallest PopulationAndorra
85%
Highest ElevationAfghanistan
80%
SouthernmostArgentina
78%
Most TouristsAustria
70%
Youngest PopulationAngola
69%
Hottest TemperatureAlgeria
67%
Most Books PublishedAustralia
56%
Most Densely PopulatedAntigua and Barbuda
50%

Score Distribution

Percentile by Number Answered

Percent of People with Each Score

Your Score History

You have not taken this quiz